El desafío de la biodiversidad (Registro nro. 356)
[ vista simple ]
| 000 -Cabecera | |
|---|---|
| Campo de control de longitud fija | 00593am a2200241a 44500 |
| 005 - Fecha y hora de la última transacción | |
| Campo de control | 20250729163516.0 |
| 008 - Elementos de longitud fija--Información general | |
| Campo de control de longitud fija | 150724b1997 xxu||||| |||| 00| 0 spa d |
| 020 ## - International Standard Book Number | |
| Número Internacional Estándar del Libro (ISBN) | 9977916896 |
| 041 ## - Idioma | |
| Código de idioma | Español |
| 082 ## - Clasificación Decimal Dewey | |
| Número de clasificación | 333.72 M385d |
| 100 ## - Entrada principal--Autor personal | |
| Nombre personal | Martinez Ramirez, Luis |
| 245 ## - Título propiamente dicho | |
| Título | El desafío de la biodiversidad |
| 260 ## - Pie de imprenta | |
| Lugar de publicación, distribución, etc. | Costa Rica |
| 260 ## - Pie de imprenta | |
| Nombre del editor, distribuidor, etc. | Asamblea Legislativa |
| 260 ## - Pie de imprenta | |
| Fecha de publicación, distribución, etc. | 1997 |
| 300 ## - Descripción física | |
| Extensión | 280 páginas |
| 490 ## - Serie | |
| Título de la Serie | Turismo |
| 650 ## - Materia general | |
| Temática (materia general) | COSTA RICA |
| 650 ## - Materia general | |
| Temática (materia general) | LEGISLACIÓN |
| 650 ## - Materia general | |
| Temática (materia general) | BIODIVERSIDAD |
| 650 ## - Materia general | |
| Temática (materia general) | PROTECCIÓN DEL MEDIO AMBIENTE |
| 942 ## - Punto de acceso adicional KOHA | |
| Tipo de ítem KOHA | Libro |
| Fuente del sistema de clasificación o colocación | Dewey Decimal Classification |
| Signatura completa | Código de barras | Programa Académico | Tipo de ítem |
|---|---|---|---|
| 333.72 M385d | 3342 | Turismo | Libro |